000 00325 a2200109 4500
001 ART_47579
005 20260410162041.0
008 260409a
245 1 0 _aLos servicios digitales y los impuestos a los consumos
100 1 _aCoronello, Silvina E.
773 0 _tImpuestos
_g- N°36 (sep. 2018)
_wREV45175
999 _c34912
_d34912